Catalog

Record Details

Catalog Search



Heat lightning / William W. Johnstone, J.A. ... Read More

Series: Tinhorn v3

Available copies

  • 2 of 2 copies available at LARL/NWRL Consortium.
  • 2 of 2 copies available at Lake Agassiz Regional Library. (Show preferred library)

Current holds

0 current holds with 2 total copies.

Show Only Available Copies
Location Call Number / Copy Notes Barcode Shelving Location Status Due Date
Ada Public Library LARGE PRINT W JOH (Text) 33500014349609 New Available -
Hawley Public Library LARGE PRINT W JOH (Text) 33500014349617 New Available -

Record details

  • ISBN: 9781420531824
  • ISBN: 1420531824
  • Physical Description: 437 pages (large print) ; 22 cm.
  • Publisher: [Waterville, Maine] : Thondike Press, a part of Gale, a Cengage Company., [2026]

Content descriptions

Summary, etc.:
"To wealthy rancher Ira Dunellen, the frontier ... Read More
Subject: Cattle > Fiction.
Gunfighters > Fiction.
Ranchers > Fiction.
Sheriffs > Fiction.
Texas > Fiction.
Western stories.
Large type books.
Genre: Large print books.
Historical fiction.
Action and adventure fiction.
Western fiction.
LDR 03000cam a22005537i 4500
001482973
003LARL_NWRL_CONSORTIUM
00520260319162133.0
008260130t20262022meu ed 000 1 eng d
007tb
040 . ‡aUUC ‡beng ‡erda ‡cUUC ‡dIUK ‡dOCLCO ‡dRNL ‡dKSL
020 . ‡a9781420531824 ‡q(large print: paperback)
020 . ‡a1420531824 ‡q(large print: paperback)
035 . ‡a(OCoLC)1570496773
092 . ‡aLP F ‡bJohnstone
1001 . ‡aJohnstone, William W., ‡eauthor. ‡1https://id.oclc.org/worldcat/entity/E39PBJfWYFK8HqQW8kJ3CPk4bd ‡1https://isni.org/isni/0000000383244862 ‡0(LARL_NWRL_CONSORTIUM)91523
24510. ‡aHeat lightning / ‡cWilliam W. Johnstone, J.A. Johnstone.
264 1. ‡a[Waterville, Maine] : ‡bThondike Press, a part of Gale, a Cengage Company., ‡c[2026]
264 4. ‡c©2022.
300 . ‡a437 pages (large print) ; ‡c22 cm.
336 . ‡atext ‡btxt ‡2rdacontent
337 . ‡aunmediated ‡bn ‡2rdamedia
338 . ‡avolume ‡bnc ‡2rdacarrier
340 . ‡nlarge print ‡2rdafs
4900 . ‡aTinhorn v3
520 . ‡a"To wealthy rancher Ira Dunellen, the frontier prairie land surrounding his spread is his for the taking. His cattle need room to roam and the one-horse town of Tinhorn, Texas is standing in his way. On the bank of the Neches River, the small community of merchants is just wasting a precious resource that Dunellen's growing range needs. As stray cattle wander into town, followed by rowdy cowboys, Sheriff Flint Moran and partner Buck Jackson start corralling up any man or beast disrespecting the citizenry and breaking the law. It's clear Tinhorn's lawdogs are doing their jobs a little too well, so Dunellen hires deadly gunslinger Cash Kelly to put the blast on them--all the way to Boot Hill. But unknown to Dunellen, Cash Kelly has his own reasons why he wants Flint Moran dead. Bullets will fly. And the dusty street of Tinhorn will be awash in blood..." -- Page [4] cover.
650 0. ‡aCattle ‡vFiction. ‡0(LARL_NWRL_CONSORTIUM)16040
650 0. ‡aGunfighters ‡vFiction.
650 0. ‡aRanchers ‡vFiction. ‡0(LARL_NWRL_CONSORTIUM)167016
650 0. ‡aSheriffs ‡vFiction. ‡0(LARL_NWRL_CONSORTIUM)167204
651 0. ‡aTexas ‡vFiction. ‡0(LARL_NWRL_CONSORTIUM)167647
650 0. ‡aWestern stories. ‡0(LARL_NWRL_CONSORTIUM)34367
650 0. ‡aLarge type books. ‡0(LARL_NWRL_CONSORTIUM)24284
655 7. ‡aLarge print books. ‡2lcgft
655 7. ‡aHistorical fiction. ‡2lcgft
655 7. ‡aAction and adventure fiction. ‡2lcgft
655 7. ‡aWestern fiction. ‡2lcgft
7001 . ‡aJohnstone, J. A., ‡eauthor. ‡1https://id.oclc.org/worldcat/entity/E39PCjyJv4XkRTCpGMXCXb9ftq ‡1https://isni.org/isni/0000000063894444 ‡0(LARL_NWRL_CONSORTIUM)196048
901 . ‡a482973 ‡bAUTOGEN ‡c482973 ‡tbiblio

Additional Resources